000 00558nam a22002177a 4500
003 UA-OsUOA
001 52112
007 ta
008 20080130b un ||||| |||| 00| 0 ukr d
100 _aГорбунова О.
090 _a32
_bГ-67
942 _cSA
040 _aUA-OsUOA
_bukr
_cUA-OsUOA
_dUA-OsUOA
245 _aВрахувати потреби громад і фінансові можливості держави.
300 _aС.2
955 _a0
041 _aukr
080 _a32
773 0 _w52111
650 7 _a32 Політика
_2UDC
999 _c338207
_d338207